| 000 | 01166nam a2200289Ia 4500 | ||
|---|---|---|---|
| 003 | OSt | ||
| 005 | 20200727190301.0 | ||
| 008 | 191128s1979 mx ad fr 001 0 spa d | ||
| 020 | _a9681632508 | ||
| 040 |
_aCO-JMCR _cCO-JMCR |
||
| 041 | 0 | _aspa | |
| 082 | 0 | 4 |
_a339.5 / _bS25e _223 |
| 100 | 1 |
_aSen, Amartya, _eSeleccionador _92522 |
|
| 245 | 1 | 0 |
_aEconomía del crecimiento / _cAmartya Sen ; traducción de Eduardo L. Súarez |
| 250 | _aPrimera edición | ||
| 260 |
_aMéxico : _bFondo de Cultura Económica, _c1979 |
||
| 300 |
_a525 páginas : _bgráficos a blanco y negro ; _c21 cm. |
||
| 490 | 0 |
_aLecturas ; _v28 |
|
| 500 | _aIncluye índice de materias. | ||
| 504 | _aBibliografía: páginas 509-510 | ||
| 505 | 0 | _aEl modelo de Harrod-Domar -- La teoría de Neokeynesiana de distribución y crecimiento -- Ingredientes tipos del crecimiento económico -- La situación de factores y el crecimiento neoclásico -- Críticas de los modelos de crecimiento | |
| 650 | 1 | 4 |
_aDesarrollo económico _97915 |
| 650 | 1 | 4 |
_aTeoría económica _97916 |
| 650 | 1 | 4 |
_aModelos de crecimiento _95532 |
| 700 | 1 |
_aSuárez, Eduardo L., _etraductor _94465 |
|
| 942 |
_2ddc _cBK |
||
| 999 |
_c5869 _d5869 |
||